Central Library OPAC University of Rajshahi

Superconductivity and superfluidity / (Record no. 67511)

MARC details
000 -LEADER
fixed length control field 00874nam a2200265 a 4500
001 - CONTROL NUMBER
control field 67511
003 - CONTROL NUMBER IDENTIFIER
rucl marc code BD-RjUL
005 - DATE AND TIME OF LATEST TRANSACTION
control field 20211209081650.0
008 - FIXED-LENGTH DATA ELEMENTS--GENERAL INFORMATION
fixed length control field 170325s1998 nyua b 001 0 eng
020 ## - INTERNATIONAL STANDARD BOOK NUMBER
International Standard Book Number 0521570735
035 ## - SYSTEM CONTROL NUMBER
System control number (BD-RjUL)67642
040 ## - CATALOGING SOURCE
Original cataloging agency DLC
Transcribing agency DLC
Modifying agency DLC
-- BD-RjUL
Language of cataloging eng
041 1# - LANGUAGE CODE
Language code of text/sound track or separate title eng
Language code of original jpn
082 00 - DEWEY DECIMAL CLASSIFICATION NUMBER
Edition number 23
Classification number 537.623
Author mark and year TSS 1998
100 1# - MAIN ENTRY--PERSONAL NAME
Personal name Tsunetō, T.
Fuller form of name (Toshihiko),
Dates associated with a name 1930-
9 (RLIN) 200051
245 10 - TITLE STATEMENT
Title Superconductivity and superfluidity /
Statement of responsibility, etc. T. Tsuneto ; translated by Mikio Nakahara.
260 ## - PUBLICATION, DISTRIBUTION, ETC. (IMPRINT)
Place of publication, distribution, etc. New York :
Name of publisher, distributor, etc. Cambridge University Press,
Date of publication, distribution, etc. c1998.
300 ## - PHYSICAL DESCRIPTION
Pagination xiii, 208 p. :
Illustrations ill. ;
Size 25 cm.
500 ## - GENERAL NOTE
General note Originally published in Japanese.
504 ## - BIBLIOGRAPHY, ETC. NOTE
Bibliography, etc Includes bibliographical references (p. 202-205) and index.
650 #0 - SUBJECT ADDED ENTRY--TOPICAL TERM
Topical term or geographic name as entry element Superconductivity.
9 (RLIN) 200052
Topical term or geographic name as entry element Superfluidity.
9 (RLIN) 27600
942 ## - ADDED ENTRY ELEMENTS (KOHA)
Source of classification or shelving scheme Dewey Decimal Classification
Koha item type Books
Holdings
Lost status Source of classification or shelving scheme Damaged status Not for loan Collection code Permanent Location Current Location Shelving location Date acquired Source of acquisition Cost, normal purchase price Total Checkouts Full call number Date last seen Copy number Koha item type
  Dewey Decimal Classification   Not For Loan Non-fiction Central Library, University of Rajshahi Central Library, University of Rajshahi Reading Room 02/08/2000 Dhaka, Karim International 3060.00   537.623 TSS 1998 25/03/2017 C-1 Books